Chemistry : Principles & reactions: a core text
This textbook outlines the principles that govern chemical reactions and continuously illustrates their usefulness in practical applications. The authors (University of Connecticut) cover reactions in aqueous solutions, the ideal gas law, electron arrangements, rate of reaction, acid-base solutions,...
Đã lưu trong:
| Hovedforfatter: | |
|---|---|
| Format: | Bog |
| Sprog: | Undetermined |
| Udgivet: |
Belmont, CA.
Brooks/Cole-Thomson Learning
2004
|
| Fag: | |
| Tags: |
Tilføj Tag
Ingen Tags, Vær først til at tagge denne postø!
|
| Thư viện lưu trữ: | Trung tâm Học liệu Trường Đại học Cần Thơ |
|---|
| LEADER | 00989nam a2200205Ia 4500 | ||
|---|---|---|---|
| 001 | CTU_214700 | ||
| 008 | 210402s9999 xx 000 0 und d | ||
| 082 | |a 540 | ||
| 082 | |b M423 | ||
| 100 | |a Masterton, William L. | ||
| 245 | 0 | |a Chemistry : | |
| 245 | 0 | |b Principles & reactions: a core text | |
| 245 | 0 | |c William L. Masterton, Cecile N. Hurley | |
| 260 | |a Belmont, CA. | ||
| 260 | |b Brooks/Cole-Thomson Learning | ||
| 260 | |c 2004 | ||
| 520 | |a This textbook outlines the principles that govern chemical reactions and continuously illustrates their usefulness in practical applications. The authors (University of Connecticut) cover reactions in aqueous solutions, the ideal gas law, electron arrangements, rate of reaction, acid-base solutions, and complex ions. The sixth edition replaces 30% of the in-text examples, adds four research essays, and updates molecular models. | ||
| 650 | |a Chemistry | ||
| 904 | |i Minh | ||
| 980 | |a Trung tâm Học liệu Trường Đại học Cần Thơ | ||